| 000 | 01434cam a22003737a 4500 | ||
|---|---|---|---|
| 003 | CHAP | ||
| 005 | 20260127131625.0 | ||
| 008 | 980626d1998 mx r 00110 spa d | ||
| 010 | _a75838 | ||
| 011 | _a76810 | ||
| 035 | _a86399 | ||
| 040 | _cCHAP | ||
| 090 | _aTesis | ||
| 100 | 1 | 0 |
_aMiranda Borbolla, Erika Iovana _976059 |
| 245 | 1 | 0 |
_aEstudio de factibilidad para la puesta en marcha de una planta pasteurizadora de leche ubicada en el poblado de San Martín, Netzahualcóyotl, Mpio. de Texcoco _c/por Erika Iovana Miranda Borbolla |
| 260 |
_aChapingo, Méx. : _bEl autor, _c1998. |
||
| 300 |
_a66 h. : _banexos |
||
| 502 | _aTesis (Ing. Agroindustrial ) -- UACH. Departamento de Ingeniería Agroindustrial | ||
| 590 |
_aALEPH _b10 _c20130110 _lUCH01 _h1424 |
||
| 590 |
_aBATCH-UPD _b10 _c20130110 _lUCH01 _h0710 |
||
| 590 |
_aBATCH-UPD _b10 _c20130410 _lUCH01 _h0356 |
||
| 590 |
_aBATCH-UPD _b10 _c20130914 _lUCH01 _h1635 |
||
| 590 |
_aCONVERSION _b10 _c20130109 _lUCH01 _h1341 |
||
| 650 | 1 | 4 |
_aIndustria lechera _xVeracruz. |
| 650 | 1 | 4 |
_aLeche _xPasteurización y esterilización. _965397 |
| 650 | 1 | 7 |
_aPlantas lecheras _2 _989014 |
| 650 | 1 | 4 |
_aProyectos industriales. _992531 |
| 901 | _aBK | ||
| 905 | _aGuadalupe Pinto C. | ||
| 942 | _cFOLL | ||
| 949 |
_bBC _cTES _d33724000589966 _eTS2 _fc.2 _h32826 _i86399 _sb |
||
| 949 |
_bBC _cTES _d33724000764403 _eTS2 _fc.3 _h36009 _i86399 _si |
||
| 949 |
_bBC _cTES _d863991 _eTS1 _h32825 _i86399 _sb |
||
| 999 |
_c75838 _d75838 |
||